<?xml version="1.0" encoding="UTF-8"?><?xml-stylesheet type="text/xsl" href="static/style.xsl"?><OAI-PMH xmlns="http://www.openarchives.org/OAI/2.0/" xmlns:xsi="http://www.w3.org/2001/XMLSchema-instance" xsi:schemaLocation="http://www.openarchives.org/OAI/2.0/ http://www.openarchives.org/OAI/2.0/OAI-PMH.xsd"><responseDate>2026-04-27T19:49:22Z</responseDate><request verb="GetRecord" identifier="oai:uvadoc.uva.es:10324/68724" metadataPrefix="marc">https://uvadoc.uva.es/oai/request</request><GetRecord><record><header><identifier>oai:uvadoc.uva.es:10324/68724</identifier><datestamp>2024-07-12T19:03:50Z</datestamp><setSpec>com_10324_38</setSpec><setSpec>col_10324_852</setSpec></header><metadata><record xmlns="http://www.loc.gov/MARC21/slim" xmlns:doc="http://www.lyncode.com/xoai" xmlns:xsi="http://www.w3.org/2001/XMLSchema-instance" xmlns:dcterms="http://purl.org/dc/terms/" xsi:schemaLocation="http://www.loc.gov/MARC21/slim http://www.loc.gov/standards/marcxml/schema/MARC21slim.xsd">
<leader>00925njm 22002777a 4500</leader>
<datafield tag="042" ind1=" " ind2=" ">
<subfield code="a">dc</subfield>
</datafield>
<datafield tag="720" ind1=" " ind2=" ">
<subfield code="a">De Vega Pérez, Guillermo</subfield>
<subfield code="e">author</subfield>
</datafield>
<datafield tag="260" ind1=" " ind2=" ">
<subfield code="c">2024</subfield>
</datafield>
<datafield tag="520" ind1=" " ind2=" ">
<subfield code="a">La esclerosis múltiple es una enfermedad del sistema nervioso central (SNC) disinmune&#xd;
y neurodegenerativa que representa la primera causa de discapacidad no traumática en&#xd;
adultos jóvenes. El pico de mayor incidencia se sitúa en el adulto joven entre los 20 y&#xd;
los 40 años, aunque la enfermedad puede aparecer en cualquier edad de la vida. En un&#xd;
5-10% de pacientes el debut de la enfermedad se inicia por encima de los 50 años, lo&#xd;
que denominamos Late onset. La incidencia y la prevalencia de este grupo de edad está&#xd;
aumentando progresivamente en los últimos años. Esta población, junto con los&#xd;
pacientes con esclerosis múltiple de debut más joven que alcanzan edades avanzadas,&#xd;
presentan una serie de características que la convierten en un desafío para el neurólogo.&#xd;
Son pacientes con un curso evolutivo con predominio de las formas progresivas donde&#xd;
existe menor evidencia de la eficacia de los tratamientos aprobados y una mayor&#xd;
probabilidad de presentar complicaciones derivadas de los fármacos y enfermedades&#xd;
concomitantes, principalmente cardiovasculares, que afectan negativamente al curso&#xd;
evolutivo. Por este motivo, es prioritario identificar aquellos factores potencialmente&#xd;
reversibles que afectan negativamente a la evolución de la enfermedad. Nuestro objetivo&#xd;
principal ha sido determinar la frecuencia de comorbilidades cardiovasculares y de&#xd;
hábitos saludables en nuestra población de pacientes con esclerosis múltiple mayores&#xd;
de 50 años.</subfield>
</datafield>
<datafield tag="024" ind2=" " ind1="8">
<subfield code="a">https://uvadoc.uva.es/handle/10324/68724</subfield>
</datafield>
<datafield ind1=" " ind2=" " tag="653">
<subfield code="a">Esclerosis en placas</subfield>
</datafield>
<datafield ind1=" " ind2=" " tag="653">
<subfield code="a">Neurología</subfield>
</datafield>
<datafield tag="245" ind1="0" ind2="0">
<subfield code="a">Prevalencia de factores de riesgo cardiovascular y estilo de vida en pacientes con esclerosis múltiple mayores de 50 años</subfield>
</datafield>
</record></metadata></record></GetRecord></OAI-PMH>